[Event "GCT Saint Louis Blitz 2018"]
[Site "Saint Louis"]
[Date "2018.08.14"]
[Round "18"]
[White "Anand, Viswanathan"]
[Black "Mamedyarov, Shakhriyar"]
[Result "1/2-1/2"]
[WhiteElo "2812"]
[BlackElo "2795"]
[Annotator "TA"]
[PlyCount "90"]
[EventDate "2018.08.14"]
[EventType "tourn"]
[EventCountry "USA"]
[SourceTitle "playchess.com"]
[Source "ChessBase"]
[SourceQuality "1"]

{[%evp 22,90,31,26,34,34,54,11,9,3,15,17,16,10,65,46,43,47,83,72,118,109,118,120,128,88,90,81,116,138,148,160,600,339,338,335,270,56,493,489,356,0,0,0,50,62,135,0,0,0,0,0,0,0,0,0,510,510,502,0,65,80,114,0,0,0,0,0,0,0,0]} 1. e4 c6 2. d4 d5 3. exd5 cxd5 4. Bd3 Nc6 5. c3 Nf6 6. Bf4 Bg4 7. Qb3 Qd7 8. Nd2 e6 9. Ngf3 Bd6 10. Bxd6 Qxd6 11. O-O {B13: Caro-Kann: Exchange Variation and Panov-Botvinnik Attack} O-O 12. Rfe1 {LiveBook: 8 Games} Ne7 13. Ne5 {White is slightly better.} Bf5 14. Bf1 Rab8 15. a4 {[#]} Ne4 $146 ({Predecessor:} 15... a6 16. a5 b5 17. Qb4 Qd8 18. Nb3 Ra8 {0-1 (39) Pridorozhni,A (2453)-Ovetchkin,R (2557) Tomsk 2002}) 16. Nxe4 Bxe4 17. a5 f6 (17... Nc6 $11) 18. Nd3 $14 Bxd3 19. Bxd3 e5 20. c4 exd4 21. cxd5 $1 Kh8 22. Be4 b6 23. axb6 {Strongly threatening Qh3.} Rxb6 24. Qd3 Rxb2 25. Bxh7 Qf4 26. Qh3 Qxf2+ $2 (26... Ng8 $16 27. Bg6+ Nh6) 27. Kh1 $18 {Bg6+ would kill now.} Ng8 28. d6 {[%cal Bd5d6,Bd6d7][%mdl 32]} Nh6 29. Bg6 $2 (29. Bd3 $18) 29... d3 $2 {[%mdl 8192]} (29... Re2 $1 $14 30. Rxe2 Qxe2) 30. d7 d2 31. Rf1 $2 (31. Re8 $18 {[%cal Re8f8]} Rb8 32. Qc3 (32. Qd3 Rfxe8 33. dxe8=Q+ Rxe8 $15)) 31... Qd4 $11 32. Be8 Rb6 33. Qa3 $36 {[%mdl 3072] White has compensation. White has the initiative.} Rg8 (33... Kg8 $1 $14) 34. h3 ({Better is} 34. Qa4 $16 Qd3 35. Qxa7) 34... Rd6 35. Rfd1 {Ra2 is the strong threat.} Nf5 {And now ...Ne3 would win.} 36. Qf3 g6 $1 {[#]} 37. Bxg6 $1 {[%mdl 512]} Rxg6 38. Qxf5 Rg7 $2 {[%mdl 8192]} (38... Rg5 $11 39. Qf1 Rxd7) 39. Qh5+ $18 Kg8 {[#]} 40. Qe8+ $2 (40. Re1 $1 $18 {[%cal Re1e8][%mdl 512]} Qxa1 (40... dxe1=Q+ 41. Rxe1) 41. Rxa1 Rgxd7 42. Qg6+ Kf8 43. Rd1) 40... Kh7 $14 41. Ra5 {[%cal Ra5h5]} Rg5 42. Rxg5 ({White should try} 42. Qe7+ $16 Kh6 43. d8=Q Rxd8 44. Rxa7) 42... fxg5 $11 {The position is equal.} 43. Qh5+ Kg7 {Hoping for ...Qd5.} 44. Qxg5+ Kh7 45. Qh5+ Kg7 {Precision: White = 59%, Black = 30%.} 1/2-1/2

[Event "GCT Saint Louis Blitz 2018"]
[Site "Saint Louis"]
[Date "2018.08.14"]
[Round "18"]
[White "So, Wesley"]
[Black "Karjakin, Sergey"]
[Result "0-1"]
[WhiteElo "2800"]
[BlackElo "2898"]
[Annotator "TA"]
[PlyCount "125"]
[EventDate "2018.08.14"]
[EventType "tourn"]
[EventCountry "USA"]
[SourceTitle "playchess.com"]
[Source "ChessBase"]
[SourceQuality "1"]

{[%evp 9,125,-21,-25,-23,0,-8,0,0,0,-51,-50,-50,-34,-58,-47,-52,-10,-24,-19,-70,-10,-16,0,-31,-33,-23,-20,-62,-58,-53,0,-53,0,-30,0,-108,-101,-105,-111,-107,-14,-77,-83,-131,-94,-85,-73,-72,-89,-92,-85,-83,-94,-89,-55,-60,-47,-64,-68,-66,-44,-58,-58,-49,-48,-93,-101,-125,-125,-125,-125,-125,-125,-133,-156,-158,-125,-125,-125,-125,-125,-125,-125,-125,-15,-15,0,-135,-15,-22,-7,-7,-7,-7,0,0,0,0,0,0,0,-9835,-9835,-9893,-9863,-9852,-9647,-7800,-13,-9116,-7483,-8973,-12214,-12094,-12135,-7483,-5057,-5057]} 1. Nf3 d5 2. b3 Nf6 3. Bb2 e6 4. e3 Be7 5. g4 (5. d4 O-O 6. Bd3 b6 7. O-O Bb7 8. Nbd2 Nbd7 9. c4 Ne4 10. Qc2 f5 11. Ne5 Nxe5 12. dxe5 Nxd2 13. Qxd2 dxc4 14. bxc4 Be4 15. Rfd1 Bxd3 16. Qc3 Qe8 17. Rxd3 {1-0 (95) Nakamura,H (2777)-Hou,Y (2658) chess.com INT 2018}) 5... O-O {LiveBook: 3 Partien} 6. g5 {A06: Zukertort-Eröffnung} Ne4 $146 ({Vorgänger:} 6... Nfd7 7. h4 c5 8. c4 Nc6 9. d4 cxd4 10. exd4 Qa5+ 11. Nbd2 e5 12. a3 Nxd4 {½-½ (88) Larino Nieto,D (2469)-Ringoir,T (2511) Ibiza 2013}) 7. h4 c5 8. c4 {Die Stellung ist ausgeglichen.} Nc6 9. d3 (9. Nc3 $11) 9... Nd6 $15 10. Nbd2 b6 11. Bg2 Bb7 12. a3 Qc7 13. cxd5 exd5 14. d4 (14. Kf1 $11) 14... Nf5 ({Günstiger ist} 14... cxd4 $1 $15 15. Bxd4 Nf5) 15. Qc2 $11 Bc8 $1 16. O-O Be6 17. dxc5 bxc5 18. b4 cxb4 19. axb4 {Droht stark b5.} Bxb4 (19... Qb6 $15) 20. e4 (20. Rfc1 $11 Rfc8 21. Ne5) 20... dxe4 (20... Nfe7 {keeps more tension.} 21. Nd4 Rac8 22. Nxc6 Qxc6 23. Qd3 Bc5) 21. Nxe4 Rfc8 {[#] ...Df4 ist eine echte Drohung.} 22. Ne5 (22. Bxg7 $1 $11 {[%mdl 512]} Kxg7 (22... Nxg7 23. Nf6+) 23. Qb2+ Kg8 24. Nf6+ Kf8 25. Nxh7+ Kg8 26. Nf6+ Kf8 27. Nh7+ Kg8 28. Nf6+ Kf8 29. Nh7+) 22... Nxe5 $17 23. Qxc7 Rxc7 24. Bxe5 Rc2 (24... Rc4 $1 $17 25. Ng3 Re8 26. Nxf5 Bxf5) 25. Ng3 (25. h5 $11 {bleibt in der Remisbreite.}) 25... Re8 26. Be4 Nxg3 ({Doch nicht} 26... Nxh4 $6 27. Bxc2 Nf3+ 28. Kg2 $11) 27. Bxg3 Rc4 28. Bd3 Rc3 29. Bb5 Rd8 30. Rfd1 Rxd1+ 31. Rxd1 Rc8 32. Ba6 Re8 33. Bb5 Rf8 34. Ba6 Bc8 35. Ra1 Bxa6 36. Rxa6 $15 {[%mdl 4096] Endspiel KTL-KTL} Bc5 37. Bf4 f6 38. Be3 Bxe3 39. fxe3 fxg5 40. hxg5 $17 {KT-KT} Rf5 41. Rxa7 Rxg5+ 42. Kf2 Rf5+ 43. Kg3 g6 44. e4 Rf7 45. Ra4 Kg7 46. Kg4 {[#]} Kf6 (46... h6 $1 $17 47. Ra5 Rb7) 47. Ra5 $11 Kg7 48. Ra6 (48. Ra4 $1 $11) 48... Re7 ({Lieber} 48... Rb7 $17 49. Re6 h6) 49. Kf4 h5 50. e5 $1 Rf7+ 51. Ke4 Rf1 52. Ra7+ Kh6 {Und weiter mit ...Te1+ wäre nett.} 53. e6 Re1+ 54. Kd5 h4 {und nun wäre ...g5 stark für Schwarz.} 55. e7 $2 {[%mdl 8192]} (55. Kd6 $11) 55... h3 $19 {( -> ...h2)} 56. Ra3 Rxe7 57. Rxh3+ Kg5 58. Rh1 {[#]} Re3 $1 {Schwarz will ...Kf4 spielen.} 59. Rg1+ $2 {[%mdl 8192]} (59. Kd4 $11 Rf3 60. Ke5) 59... Kf5 {Schwarz steht klar auf Gewinn.} 60. Kd4 Rf3 61. Rh1 g5 62. Rh8 Kf4 63. Rf8+ {Precision: Weiß = 41%, Schwarz = 54%.} 0-1

[Event "GCT Saint Louis Blitz 2018"]
[Site "Saint Louis"]
[Date "2018.08.14"]
[Round "18"]
[White "Caruana, Fabiano"]
[Black "Dominguez Perez, Leinier"]
[Result "1/2-1/2"]
[WhiteElo "2709"]
[BlackElo "2687"]
[Annotator "TA"]
[PlyCount "48"]
[EventDate "2018.08.14"]
[EventType "tourn"]
[EventCountry "USA"]
[SourceTitle "playchess.com"]
[Source "ChessBase"]
[SourceQuality "1"]

{[%evp 16,48,-41,-50,-33,-39,-32,-39,-56,-48,-2,-13,0,0,0,0,16,-31,-30,-45,-52,-52,-49,-52,-52,-62,-65,-68,0,0,0,-14,0,0,0]} 1. d4 d5 2. c4 e6 3. Nf3 Nf6 4. g3 Be7 5. Bg2 O-O 6. O-O dxc4 7. a4 {E05: Open Catalan: 5 Nf3 Be7} (7. Qc2 a6 8. a4 Bd7 9. Rd1 Bc6 10. Bg5 b5 11. Bxf6 Bxf6 12. Nc3 Qe8 13. e4 g6 14. h4 Nd7 15. axb5 axb5 16. Rxa8 Qxa8 {½-½ (26) Mamedyarov,S (2808)-So,W (2778) Stavanger 2018}) 7... Nc6 8. a5 Rb8 9. Qc2 {LiveBook: 3 Games. Black is slightly better.} Nxd4 10. Nxd4 Qxd4 11. Rd1 Qc5 12. Be3 Qb4 $146 (12... Qb5 {with more complications.} 13. Nd2 a6 14. Nxc4 Bd7 15. Bf4 Bc6) ({Predecessor:} 12... Qb5 13. Na3 Bxa3 14. Rxa3 b6 {½-½ (84) Vlasov,A (2059)-Nowak,I (2056) LSS email 2013}) 13. Ra4 Qb3 14. Rxc4 Qxc2 15. Rxc2 Bd6 16. Na3 Bd7 {Hoping for ...Ba4.} 17. Rcc1 b6 18. axb6 axb6 19. Nc4 Ba4 20. Rd2 Bb4 21. Rd3 Bc5 (21... Rfd8 $15) 22. Bxc5 $11 {The position is equal.} bxc5 23. Bf3 Bb5 24. Rd2 Bxc4 {Precision: White = 45%, Black = 47%.} 1/2-1/2